Mary queen of scots / (Record no. 115530)
[ view plain ]
| 000 -LEADER | |
|---|---|
| fixed length control field | 00515nam a22001937a 4500 |
| 003 - CONTROL NUMBER IDENTIFIER | |
| control field | OSt |
| 005 - DATE AND TIME OF LATEST TRANSACTION | |
| control field | 20140428102838.0 |
| 008 - FIXED-LENGTH DATA ELEMENTS--GENERAL INFORMATION | |
| fixed length control field | 140428b xxu||||| |||| 00| 0 eng d |
| 020 ## - INTERNATIONAL STANDARD BOOK NUMBER | |
| International Standard Book Number | 0440154766 |
| 050 ## - LIBRARY OF CONGRESS CALL NUMBER | |
| Classification number | DA 787 |
| Item number | .F742 1969 |
| 100 ## - MAIN ENTRY--PERSONAL NAME | |
| Personal name | Fraser, Antonia |
| 245 ## - TITLE STATEMENT | |
| Title | Mary queen of scots / |
| Statement of responsibility, etc | Antonia Fraser. |
| 260 ## - PUBLICATION, DISTRIBUTION, ETC. (IMPRINT) | |
| Place of publication, distribution, etc | New York : |
| Name of publisher, distributor, etc | Dell Publishing Co., Inc, |
| Date of publication, distribution, etc | 1969. |
| 300 ## - PHYSICAL DESCRIPTION | |
| Extent | 710 p. : |
| Dimensions | 18 cm. |
| 500 ## - GENERAL NOTE | |
| General note | Includes index & Bibliography. |
| 650 ## - SUBJECT ADDED ENTRY--TOPICAL TERM | |
| Topical term or geographic name as entry element | Fiction. |
| 942 ## - ADDED ENTRY ELEMENTS (KOHA) | |
| Source of classification or shelving scheme | Library of Congress Classification |
| Koha item type | Books |
| Withdrawn status | Lost status | Source of classification or shelving scheme | Damaged status | Home library | Current library | Shelving location | Date acquired | Source of acquisition | Total Checkouts | Full call number | Barcode | Date last seen | Copy number | Price effective from | Koha item type |
|---|---|---|---|---|---|---|---|---|---|---|---|---|---|---|---|
| Library of Congress Classification | Luxembourg Library | Luxembourg Library | High School Section | 04/28/2014 | Donation | DA 787 .F841 1969 | 7233 | 11/12/2015 | 1 | 04/28/2014 | Books |